| 000 | 00781nam a2200241 a 4500 | ||
|---|---|---|---|
| 001 | BRCA_3643 | ||
| 005 | 20190320204350.0 | ||
| 008 | 270809s1957----enka---###---#000-0#eng-# | ||
| 041 | _aeng | ||
| 044 | _aenk | ||
| 050 | 4 |
_aND621 _b.B47 1957 |
|
| 100 | 1 |
_aBerenson, Bernard _d1865-1959 _99444 |
|
| 245 | 1 | 0 |
_aItalian pictures of the Renaissance _ba list of the principal artist and their works with an index of places : Venetian Shool _cBernard Berenson. |
| 260 |
_aLondon _bPhaidon _c1957 |
||
| 300 |
_a2 v. _bil., 1333 láminas (algunas a color) _c28 cm. |
||
| 500 | _aIncluye índice topográfico | ||
| 500 | _aB313 | ||
| 650 | 1 | 4 |
_aPinturas venecianas _99445 |
| 650 | 1 | 4 |
_aPintores italianos _97654 |
| 650 | 1 | 4 |
_aPintura renacentista _97759 |
| 902 | _aGFM | ||
| 942 |
_2lcc _cB |
||
| 999 |
_c3378 _d3378 |
||